El uso eficaz de la energía
Uloženo v:
| Hlavní autor: | |
|---|---|
| Médium: | Kniha |
| Jazyk: | španělština |
| Vydáno: |
Madrid
Instituto de Estudios de Administración Local
1979
|
| Témata: | |
| Tagy: |
Přidat tag
Žádné tagy, Buďte první, kdo vytvoří štítek k tomuto záznamu!
|
MARC
| LEADER | 00000nam a2200000 a 4500 | ||
|---|---|---|---|
| 001 | UCS5182 | ||
| 003 | CL-VaPUC | ||
| 008 | 970830e19790000SP |||||||||||||||||spa|d | ||
| 082 | 0 | 4 | |a 333.79 |b DRY |2 21 |
| 100 | 0 | |a Dryden, I. G. C |e author |9 391008 | |
| 245 | 1 | 3 | |a El uso eficaz de la energía |
| 300 | |a 1104 p | ||
| 942 | |c BK | ||
| 945 | |d 19970830 00:00:00 |a rleighto | ||
| 260 | |a Madrid |b Instituto de Estudios de Administración Local |c 1979 | ||
| 650 | 0 | |a Calor |9 260253 | |
| 650 | 0 | |a Gases |9 260945 | |
| 650 | 0 | |a Aceites |9 348370 | |
| 650 | 7 | |a COMBUSTIBLES SOLIDOS |2 CL-VaPUC |9 365765 | |
| 650 | 7 | |a CALEFACCION ELECTRICA |2 CL-VaPUC |9 363346 | |
| 650 | 7 | |a CALDERAS |2 CL-VaPUC |9 260947 | |
| 650 | 0 | |a Tratamiento del agua |9 262889 | |
| 650 | 7 | |a ENERGIA MECANICA |2 CL-VaPUC |9 265043 | |
| 650 | 0 | |a Energía eléctrica |9 256678 | |
| 650 | 0 | |a Energía nuclear |9 255228 | |
| 650 | 0 | |a Materiales refractarios |9 365590 | |
| 583 | |a last modification |c 20161003 11:29:58 |k Rodrigo Vera | ||
| 999 | |c 261809 |d 261807 | ||
| 952 | |0 0 |1 0 |4 0 |6 333_790000000000000_DRY_1979 |7 0 |8 A |9 289627 |a BIBMEC |b BIBMEC |d 2019-11-19 |i 3344835 |o 333.79 DRY 1979 |p 3344835 |r 2024-01-19 |w 2019-11-19 |y BK |k MEC | ||